| 000 | 00670nam a2200217 a 4500 | ||
|---|---|---|---|
| 005 | 20251024063924.0 | ||
| 008 | 991125s1993 mx 000 0 spa u | ||
| 020 | _a9682947219 | ||
| 035 | _aUPN01000014951 | ||
| 049 | _aLT | ||
| 050 | 4 |
_aLB1589 M6 _bL53 LM |
|
| 245 | 0 | 0 |
_aDialogar y descubrir : _blibro de juegos : niveles I, II y III / _cAntonia Candela ... [et al.]. |
| 260 |
_aMéxico : _bCONAFE : _bDIE, _c1993. |
||
| 300 |
_a263 p. : _bil. |
||
| 650 | 4 |
_aEducación rural _99764 |
|
| 650 | 4 |
_aJUEGOS DE ESTRATEGIA (MATEMATICAS) _96054 |
|
| 650 | 4 |
_aJuegos educativos _93952 |
|
| 700 | 1 |
_aCandela, Antonia _ecoaut. _932625 |
|
| 905 | _aLibro | ||
| 999 |
_c14951 _d14951 |
||